000
00334nam a2200145Ia 4500
005
20251222175939.0
008
251222s9999||||xx |||||||||||||| ||spa||
020
_a
9788447357987
082
_a
813.54/C78
100
_a
Cornwell, Patricia
245
0
_a
Predator
250
_a
1ra.ed.
264
_b
EBA Ediciones, S.A.
942
_c
LIB
999
_c
41298
_d
41298